| Tag |
First Indicator |
Second Indicator |
Subfields |
| LEADER |
00000cam a2200000 a 4500 |
| 001 |
in00001387421 |
| 005 |
20151020050302.0 |
| 008 |
971021s1976 cau g b 000 0 eng d |
| 020 |
|
|
|a 0156177358 (pbk.) :
|c $10.00
|
| 035 |
|
|
|a (OCoLC)37818789
|
| 035 |
|
|
|9 AHL3067AM
|
| 040 |
|
|
|a LPU
|c LPU
|d TXA
|d UtOrBLW
|
| 049 |
|
|
|a TXAM
|
| 090 |
|
|
|a BT738
|b .E45 1976
|
| 100 |
1 |
|
|a Eliot, T. S.
|q (Thomas Stearns),
|d 1888-1965.
|
| 245 |
1 |
0 |
|a Christianity and culture :
|b The idea of a Christian society and Notes towards the definition of culture /
|c by T. S. Eliot.
|
| 264 |
|
1 |
|a San Diego :
|b Harcourt Brace,
|c [1976]
|
| 264 |
|
4 |
|c ©1976
|
| 300 |
|
|
|a 202 pages ;
|c 20 cm.
|
| 336 |
|
|
|a text
|b txt
|2 rdacontent
|
| 337 |
|
|
|a unmediated
|b n
|2 rdamedia
|
| 338 |
|
|
|a volume
|b nc
|2 rdacarrier
|
| 504 |
|
|
|a Includes bibliographical references.
|
| 500 |
|
|
|a "A Harvest book"
|
| 650 |
|
0 |
|a Christian sociology.
|
| 650 |
|
0 |
|a Culture.
|
| 700 |
1 |
|
|a Eliot, T. S.
|q (Thomas Stearns),
|d 1888-1965.
|t Idea of a Christian society.
|
| 700 |
1 |
|
|a Eliot, T. S.
|q (Thomas Stearns),
|d 1888-1965.
|t Notes towards the definition of culture.
|
| 999 |
|
|
|a MARS
|
| 999 |
f |
f |
|s 19f2752e-7544-3812-a61b-5512b66cb2ff
|i 53a8bec2-293e-371e-8c00-e0db958e40f6
|t 0
|
| 952 |
f |
f |
|p normal
|a Texas A&M University
|b College Station
|c Sterling C. Evans Library
|s Evans stk
|d Evans: Library Stacks
|t 0
|e BT738 .E45 1976
|h Library of Congress classification
|i unmediated -- volume
|m A14822101829
|
| 998 |
f |
f |
|a BT738 .E45 1976
|t 0
|l Evans: Library Stacks
|